000 00261nam a22001217a 4500
008 180829b xxu||||| |||| 00| 0 eng d
041 _aeng
080 _a941
100 _a17
101 _aHIS
245 _aThe Manhattan Project
_cBeyer, D.E
942 _2udc
_cBK
999 _c47384
_d47384